Die Legende lebt - Text - Statistiken

Allgemein
  • Dieses Quiz wurde 42 mal gespielt
  • Das Durchschnittsergebnis liegt bei 98 aus 152
Antwortstatistiken
% Korrekt
Die
100%
die
100%
lebt
100%
lebt,
100%
Legende
100%
der
91%
wenn
81%
unser
78%
Zeit
78%
Zeit,
78%
Club
75%
Club,
75%
auch
72%
niemals
69%
vergeht,
69%
wird
69%
bleibt
63%
besteh'n,
56%
er
56%
FCN,
56%
für
56%
ist
56%
untergeh'n.
56%
Ein
53%
ein
53%
sein
53%
sich
53%
sie
53%
Wind
53%
dreht
50%
dreht,
50%
immer
50%
in
50%
am
47%
so
44%
Brandung,
41%
Brandung
41%
Fels
41%
nicht
41%
wilder
38%
alles
34%
Fußballhimmel
34%
Jahren,
34%
vielen
34%
hielt
31%
manchen
31%
schneller,
31%
stand,
31%
steh'n
31%
steh'n,
31%
steh'n.
31%
Stern
31%
Stern,
31%
überstand,
31%
Uhren
31%
laufen
28%
Stürmen
28%
gescheh'n,
16%
vieles
16%
Zukunft,
16%
führt
9%
Keine übereinstimmenden Quizze gefunden
Verteilung der Resultate
Anzahl Personen mit jedem Resultat
Perzentil nach korrekt beantworteten Fragen
Ihre Resultats-Entwicklung
Sie haben dieses Quiz noch nicht gespielt